Представление документа в формате RUSMARC

ПолеНазваниеЗначение
  Тип записи a
  Библиографический уровень m
001 Контрольный номер RU\NLR\BIBL_A\022178578
005 Дата корректировки 20260421130052.6
010 Индекс ISBN __
a ISBN 978-5-9988-1574-4
9 Тираж 3000 экз.
b Уточнения в пер.
100 Данные общей обработки __
a Данные общей обработки 20260401d2024 u y0rusy0189 ca
101 Язык документа 0_
a Язык текста rus
102 Страна публикации __
a Страна публикации RU
105 Кодированные данные (монография) __
a Кодированные данные (монография) a j 001ay
200 Заглавие и сведения об ответственности 1_
a Заглавие Стихи и поэмы
e Сведения, относящиеся к заглавию подробный иллюстрированный комментарий
e Сведения, относящиеся к заглавию учебное пособие
f Первые сведения об ответственности В. В. Маяковский
g Последующие сведения об ответственности текст комментариев, подбор иллюстраций Ларисы Алексеевой
203 Вид содержания и тип средства __
a Вид содержания Текст
a Вид содержания Изображение
b Характеристика содержания визуальные
c Тип средства непосредственные
210 Выходные данные 1_
a Место издания Москва
c Издательство Проспект
c Издательство РГ-Пресс
d Дата издания 2024
215 Физическое описание __
a Объем 509 с.
c Иллюстрации/тип воспроизводства ил., портр., факс.
d Формат 22 см
320 Библиография __
a Библиография Библиогр. в подстроч. примеч.
333 Примечание о целевом назначении __
a Примечание о целевом назначении 12+
512 Заглавие обложки 1_
a Заглавие обложки Маяковский.ком: стихи и поэмы
606 Тематические рубрики 0_
a Основная рубрика Русская литература
z Хронологическая подрубрика 20 в.
606 Тематические рубрики 0_
a Основная рубрика Стихи (х. л.)
610 Ключевые слова 0_
a Ключевые слова русская литература; стихи русские
686 Индексы других классификаций __
a Классификационный индекс 83.3(2=Рус)6-8
2 Код системы rubbk
686 Индексы других классификаций __
a Классификационный индекс 84Р2-5
2 Код системы rubbk
700 Автор _1
a Фамилия Маяковский
b Имя (инициалы) В. В.
f Даты 1893-1930
g Полное личное имя Владимир Владимирович
702 Вторичная интеллектуальная ответственность _1
a Фамилия Алексеева
b Имя (инициалы) Л. К.
c Титул (звания) канд. ист. наук
g Полное личное имя Лариса Константиновна
4 Код отношения 210
801 Источник записи _0
a Страна RU
b Организация NLR
c Дата составления 20240325
g Правила каталогизации RCR
801 Источник записи _1
a Страна RU
b Организация NLR
c Дата составления 20240325
2 Код формата rusmarc
801 Источник записи _2
a Страна RU
b Организация Ульяновская ОНБ
c Дата составления 20260401
g Правила каталогизации RCR
900 Электронные ресурсы __
a Имя электронного ресурса проспект20260035
900 Электронные ресурсы __
a Имя электронного ресурса проспект20260036
901 Тип документа __
t Тип документа m
909 Создатель записи __
a Создатель записи Макушик
b Дата создания записи 20260401
910 Корректоры записи __
a Корректор записи Пряхина
b Дата внесения изменения в запись 20260421